000 00376cam a2200157ua 4500
041 _aeng
_h
082 _a823.308
_bMAU/RA
100 _aMaugham, Somerset W .
245 _aRazor`s edge /
_cSomerset W Maugham.
_hTextual Documents
250 _a1 /
_b.
260 _aLondon :
_bHeinemann ,
_c1964.
300 _a303 ; .
504 _a
942 _cBK
999 _c7833
_d7833